[Event "Deutscher Mix-Teampokal U12 2025"]
[Site "Bad Homburg GER"]
[Date "2025.07.20"]
[Round "5"]
[White "Huang, Flora Yueya"]
[Black "Atal, Parsa"]
[Result "1/2-1/2"]
[Termination "normal"]
[Board "1.2"]
[WhiteElo "1747"]
[BlackElo "1776"]
[WhiteClock "00:07:24"]
[BlackClock "00:01:03"]
[WhiteTeam "SV Oberursel"]
[BlackTeam "SC Noris-Tarrasch Nürnberg 1873"]
[PlyCount "116"]
[WhiteFideId "533015651"]
[BlackFideId "533026572"]
[EventCountry "GER"]
[EventRounds "5"]
[EventType "team-swiss"]
[EventDate "2025.07.18"]

1. d4 {[%clk 00:55:08]} {[%emt 00:00:01]} d5 {[%clk 00:55:04]} {[%emt
00:00:07]} 2. c4 {[%clk 00:55:08]} {[%emt 00:00:05]} e6 {[%clk 00:55:05]}
{[%emt 00:00:04]} 3. Nf3 {[%clk 00:55:08]} {[%emt 00:00:05]} Nf6 {[%clk
00:54:55]} {[%emt 00:00:14]} 4. Nc3 {[%clk 00:55:06]} {[%emt 00:00:08]} Be7
{[%clk 00:54:47]} {[%emt 00:00:12]} 5. e3 {[%clk 00:55:04]} {[%emt 00:00:08]}
a6 {[%clk 00:53:56]} {[%emt 00:00:56]} 6. Qc2 {[%clk 00:54:49]} {[%emt
00:00:20]} dxc4 {[%clk 00:53:13]} {[%emt 00:00:48]} 7. Bxc4 {[%clk 00:54:47]}
{[%emt 00:00:07]} b5 {[%clk 00:53:05]} {[%emt 00:00:12]} 8. Be2 {[%clk
00:54:42]} {[%emt 00:00:10]} c6 {[%clk 00:49:35]} {[%emt 00:03:35]} 9. a3
{[%clk 00:54:28]} {[%emt 00:00:19]} a5 {[%clk 00:48:56]} {[%emt 00:00:44]} 10.
O-O {[%clk 00:53:00]} {[%emt 00:01:33]} O-O {[%clk 00:47:10]} {[%emt 00:01:51]}
11. Rd1 {[%clk 00:51:20]} {[%emt 00:01:45]} Qb6 {[%clk 00:46:31]} {[%emt
00:00:44]} 12. e4 {[%clk 00:50:33]} {[%emt 00:00:52]} Rd8 {[%clk 00:42:39]}
{[%emt 00:03:57]} 13. h3 {[%clk 00:49:18]} {[%emt 00:01:20]} Bd7 {[%clk
00:31:24]} {[%emt 00:11:20]} 14. Be3 {[%clk 00:46:05]} {[%emt 00:03:19]} Na6
{[%clk 00:30:18]} {[%emt 00:01:11]} 15. Rac1 {[%clk 00:40:51]} {[%emt
00:05:18]} Rac8 {[%clk 00:22:53]} {[%emt 00:07:30]} 16. Bg5 {[%clk 00:38:37]}
{[%emt 00:02:19]} h6 {[%clk 00:22:20]} {[%emt 00:00:39]} 17. Bh4 {[%clk
00:36:39]} {[%emt 00:02:02]} g5 {[%clk 00:18:24]} {[%emt 00:04:01]} 18. Bg3
{[%clk 00:36:22]} {[%emt 00:00:23]} Be8 {[%clk 00:17:27]} {[%emt 00:01:01]} 19.
Qb3 {[%clk 00:33:55]} {[%emt 00:02:32]} Kg7 {[%clk 00:16:04]} {[%emt 00:01:29]}
20. Be5 {[%clk 00:28:50]} {[%emt 00:05:09]} Kg6 {[%clk 00:13:22]} {[%emt
00:02:47]} 21. Bd3 {[%clk 00:26:34]} {[%emt 00:02:21]} Nd7 {[%clk 00:12:20]}
{[%emt 00:01:07]} 22. Bg3 {[%clk 00:26:06]} {[%emt 00:00:34]} Kg7 {[%clk
00:12:05]} {[%emt 00:00:19]} 23. Bb1 {[%clk 00:24:31]} {[%emt 00:01:40]} Nf8
{[%clk 00:11:50]} {[%emt 00:00:20]} 24. Be5+ {[%clk 00:24:19]} {[%emt
00:00:18]} Bf6 {[%clk 00:11:14]} {[%emt 00:00:37]} 25. Bxf6+ {[%clk 00:23:14]}
{[%emt 00:01:13]} Kxf6 {[%clk 00:11:14]} {[%emt 00:00:05]} 26. d5 {[%clk
00:22:48]} {[%emt 00:00:31]} Nc5 {[%clk 00:10:24]} {[%emt 00:00:55]} 27. Qc2
{[%clk 00:22:05]} {[%emt 00:00:49]} cxd5 {[%clk 00:09:54]} {[%emt 00:00:35]}
28. exd5 {[%clk 00:21:55]} {[%emt 00:00:15]} Kg7 {[%clk 00:08:52]} {[%emt
00:01:03]} 29. dxe6 {[%clk 00:21:04]} {[%emt 00:00:59]} Ncxe6 {[%clk 00:08:50]}
{[%emt 00:00:06]} 30. Qe4 {[%clk 00:20:17]} {[%emt 00:00:52]} Bc6 {[%clk
00:07:57]} {[%emt 00:00:58]} 31. Qf5 {[%clk 00:19:47]} {[%emt 00:00:35]} Bxf3
{[%clk 00:07:27]} {[%emt 00:00:35]} 32. Qxf3 {[%clk 00:19:38]} {[%emt
00:00:15]} Nf4 {[%clk 00:04:47]} {[%emt 00:02:45]} 33. h4 {[%clk 00:17:30]}
{[%emt 00:02:12]} b4 {[%clk 00:03:22]} {[%emt 00:01:30]} 34. Ne4 {[%clk
00:16:11]} {[%emt 00:01:25]} Qb5 {[%clk 00:02:24]} {[%emt 00:00:59]} 35. Kh2
{[%clk 00:13:00]} {[%emt 00:03:19]} Qe5 {[%clk 00:02:11]} {[%emt 00:00:18]} 36.
g3 {[%clk 00:12:28]} {[%emt 00:00:38]} N4g6 {[%clk 00:02:14]} {[%emt 00:00:01]}
37. h5 {[%clk 00:11:53]} {[%emt 00:00:40]} Ne7 {[%clk 00:02:06]} {[%emt
00:00:13]} 38. Qe2 {[%clk 00:10:48]} {[%emt 00:01:09]} f5 {[%clk 00:01:55]}
{[%emt 00:00:17]} 39. Nc3 {[%clk 00:10:44]} {[%emt 00:00:09]} Qxe2 {[%clk
00:01:58]} {[%emt 00:00:02]} 40. Nxe2 {[%clk 00:10:44]} {[%emt 00:00:05]} bxa3
{[%clk 00:01:55]} {[%emt 00:00:08]} 41. bxa3 {[%emt 00:00:09]} Ne6 {[%clk
00:01:56]} 42. Rxd8 {[%clk 00:10:22]} {[%emt 00:00:26]} Rxd8 {[%clk 00:01:57]}
{[%emt 00:00:03]} 43. Ba2 {[%clk 00:10:07]} {[%emt 00:00:21]} Rd2 {[%clk
00:01:47]} {[%emt 00:00:15]} 44. Nc3 {[%clk 00:09:55]} {[%emt 00:00:17]} Nd4
{[%clk 00:01:31]} {[%emt 00:00:21]} 45. Kg1 {[%clk 00:09:42]} {[%emt 00:00:18]}
Kf6 {[%clk 00:01:32]} {[%emt 00:00:04]} 46. Bb1 {[%clk 00:09:22]} {[%emt
00:00:26]} Ne2+ {[%clk 00:01:23]} {[%emt 00:00:14]} 47. Nxe2 {[%clk 00:09:17]}
{[%emt 00:00:09]} Rxe2 {[%clk 00:01:27]} {[%emt 00:00:01]} 48. Kf1 {[%clk
00:09:03]} {[%emt 00:00:19]} Rb2 {[%clk 00:01:28]} {[%emt 00:00:04]} 49. Bd3
{[%clk 00:08:36]} {[%emt 00:00:32]} Rb3 {[%clk 00:01:27]} {[%emt 00:00:06]} 50.
Be2 {[%clk 00:08:22]} {[%emt 00:00:18]} Rxa3 {[%clk 00:01:29]} {[%emt
00:00:04]} 51. Rb1 {[%clk 00:08:13]} {[%emt 00:00:14]} a4 {[%clk 00:01:18]}
{[%emt 00:00:16]} 52. Rb6+ {[%clk 00:08:09]} {[%emt 00:00:09]} Kg7 {[%clk
00:01:22]} 53. Rb7 {[%clk 00:07:49]} {[%emt 00:00:25]} Ra1+ {[%clk 00:01:05]}
{[%emt 00:00:22]} 54. Kg2 {[%clk 00:07:45]} {[%emt 00:00:09]} Kf6 {[%clk
00:01:07]} {[%emt 00:00:03]} 55. Rb6+ {[%clk 00:07:45]} {[%emt 00:00:05]} Kg7
{[%clk 00:00:53]} {[%emt 00:00:19]} 56. Rb7 {[%clk 00:07:44]} {[%emt 00:00:06]}
Kf6 {[%clk 00:00:56]} 57. Rb6+ {[%clk 00:07:33]} {[%emt 00:00:17]} Kg7 {[%clk
00:00:59]} {[%emt 00:00:01]} 58. Rb7 {[%clk 00:07:24]} {[%emt 00:00:15]} Kf6
{[%clk 00:01:03]} {[%emt 00:00:01]} 1/2-1/2

[Event "Deutscher Mix-Teampokal U12 2025"]
[Site "Bad Homburg GER"]
[Date "2025.07.20"]
[Round "5"]
[White "Bharathula, Akhila"]
[Black "Nikonenko, Tymofii"]
[Result "1-0"]
[Termination "normal"]
[Board "1.3"]
[WhiteElo "1616"]
[BlackElo "1518"]
[WhiteClock "00:23:19"]
[BlackClock "00:17:17"]
[WhiteTeam "SC Noris-Tarrasch Nürnberg 1873"]
[BlackTeam "SV Oberursel"]
[PlyCount "63"]
[WhiteFideId "34641777"]
[BlackFideId "34166246"]
[EventCountry "GER"]
[EventRounds "5"]
[EventType "team-swiss"]
[EventDate "2025.07.18"]

1. d4 {[%clk 00:55:09]} d5 {[%clk 00:55:05]} {[%emt 00:00:06]} 2. c4 {[%clk
00:55:11]} {[%emt 00:00:03]} e6 {[%clk 00:55:05]} {[%emt 00:00:05]} 3. Nc3
{[%clk 00:55:12]} {[%emt 00:00:04]} Nf6 {[%clk 00:54:39]} {[%emt 00:00:31]} 4.
Bf4 {[%clk 00:55:10]} {[%emt 00:00:07]} a6 {[%clk 00:54:26]} {[%emt 00:00:17]}
5. e3 {[%clk 00:55:02]} {[%emt 00:00:13]} Nbd7 {[%clk 00:54:24]} {[%emt
00:00:07]} 6. Nf3 {[%clk 00:54:53]} {[%emt 00:00:15]} Be7 {[%clk 00:54:23]}
{[%emt 00:00:06]} 7. Rc1 {[%clk 00:54:00]} {[%emt 00:00:58]} O-O {[%clk
00:54:16]} {[%emt 00:00:11]} 8. Be2 {[%clk 00:53:15]} {[%emt 00:00:51]} c5
{[%clk 00:54:10]} {[%emt 00:00:11]} 9. cxd5 {[%clk 00:51:34]} {[%emt 00:01:45]}
Nxd5 {[%clk 00:54:09]} {[%emt 00:00:06]} 10. Nxd5 {[%clk 00:51:19]} {[%emt
00:00:21]} exd5 {[%clk 00:54:03]} {[%emt 00:00:10]} 11. dxc5 {[%clk 00:50:12]}
{[%emt 00:01:13]} Nxc5 {[%clk 00:53:52]} {[%emt 00:00:16]} 12. O-O {[%clk
00:50:01]} {[%emt 00:00:15]} b6 {[%clk 00:53:19]} {[%emt 00:00:38]} 13. b4
{[%clk 00:48:42]} {[%emt 00:01:24]} Ne6 {[%clk 00:53:21]} {[%emt 00:00:03]} 14.
Bg3 {[%clk 00:47:52]} {[%emt 00:00:56]} Bxb4 {[%clk 00:52:59]} {[%emt
00:00:27]} 15. Qb3 {[%clk 00:47:10]} {[%emt 00:00:44]} Bc5 {[%clk 00:52:52]}
{[%emt 00:00:14]} 16. Rfd1 {[%clk 00:46:54]} {[%emt 00:00:21]} Bb7 {[%clk
00:52:49]} {[%emt 00:00:08]} 17. Be5 {[%clk 00:44:02]} {[%emt 00:02:57]} Ng5
{[%clk 00:46:56]} {[%emt 00:05:58]} 18. Nxg5 {[%clk 00:41:07]} {[%emt
00:03:00]} Qxg5 {[%clk 00:44:50]} {[%emt 00:02:12]} 19. Bd4 {[%clk 00:40:59]}
{[%emt 00:00:13]} Bxd4 {[%clk 00:44:10]} {[%emt 00:00:44]} 20. Rxd4 {[%clk
00:40:49]} {[%emt 00:00:15]} b5 {[%clk 00:43:50]} {[%emt 00:00:26]} 21. Bf3
{[%clk 00:40:26]} {[%emt 00:00:27]} Rac8 {[%clk 00:41:55]} {[%emt 00:02:00]}
22. Rcd1 {[%clk 00:39:23]} {[%emt 00:01:08]} Rfd8 {[%clk 00:39:29]} {[%emt
00:02:31]} 23. h3 {[%clk 00:38:03]} {[%emt 00:01:25]} Rc5 {[%clk 00:38:40]}
{[%emt 00:00:54]} 24. h4 {[%clk 00:35:04]} {[%emt 00:03:04]} Qe5 {[%clk
00:33:28]} {[%emt 00:05:17]} 25. e4 {[%clk 00:32:40]} {[%emt 00:02:29]} Rd6
{[%clk 00:26:30]} {[%emt 00:07:04]} 26. exd5 {[%clk 00:31:11]} {[%emt
00:01:34]} Rc8 {[%clk 00:26:13]} {[%emt 00:00:20]} 27. Re4 {[%clk 00:29:36]}
{[%emt 00:01:39]} Qf6 {[%clk 00:25:40]} {[%emt 00:00:40]} 28. Rde1 {[%clk
00:27:42]} {[%emt 00:02:00]} Rf8 {[%clk 00:22:57]} {[%emt 00:02:48]} 29. Re7
{[%clk 00:26:40]} {[%emt 00:01:03]} Ba8 {[%clk 00:20:09]} {[%emt 00:02:56]} 30.
Qb4 {[%clk 00:25:10]} {[%emt 00:01:35]} g6 {[%clk 00:18:47]} {[%emt 00:01:28]}
31. Re8 {[%clk 00:23:19]} {[%emt 00:01:55]} Rd8 {[%clk 00:17:17]} {[%emt
00:01:35]} 32. Qxf8# {[%emt 00:00:12]} 1-0

[Event "Deutscher Mix-Teampokal U12 2025"]
[Site "Bad Homburg GER"]
[Date "2025.07.20"]
[Round "5"]
[White "Lachenmaier, Alica"]
[Black "Bayer, Klara"]
[Result "0-1"]
[Termination "normal"]
[Board "2.1"]
[WhiteElo "1250"]
[BlackElo "1741"]
[WhiteClock "00:33:12"]
[BlackClock "00:03:59"]
[WhiteTeam "SC Garching 1980"]
[BlackTeam "SC Zitadelle Spandau 1977"]
[PlyCount "76"]
[WhiteFideId "533025932"]
[BlackFideId "34658955"]
[EventCountry "GER"]
[EventRounds "5"]
[EventType "team-swiss"]
[EventDate "2025.07.18"]

1. c4 {[%clk 00:55:06]} {[%emt 00:00:03]} b6 {[%clk 00:55:06]} {[%emt
00:00:04]} 2. Nc3 {[%clk 00:55:04]} {[%emt 00:00:07]} Bb7 {[%clk 00:55:07]}
{[%emt 00:00:04]} 3. Nf3 {[%clk 00:54:54]} {[%emt 00:00:16]} c5 {[%clk
00:54:56]} {[%emt 00:00:14]} 4. g3 {[%clk 00:54:44]} {[%emt 00:00:15]} Bxf3
{[%clk 00:54:55]} {[%emt 00:00:07]} 5. exf3 {[%clk 00:54:42]} {[%emt 00:00:07]}
Nc6 {[%clk 00:54:53]} {[%emt 00:00:07]} 6. Bg2 {[%clk 00:54:39]} {[%emt
00:00:08]} g6 {[%clk 00:54:49]} {[%emt 00:00:08]} 7. O-O {[%clk 00:54:35]}
{[%emt 00:00:09]} Bg7 {[%clk 00:54:33]} {[%emt 00:00:21]} 8. Re1 {[%clk
00:54:20]} {[%emt 00:00:21]} Nh6 {[%clk 00:54:23]} {[%emt 00:00:16]} 9. d3
{[%clk 00:54:08]} {[%emt 00:00:17]} Nf5 {[%clk 00:54:21]} {[%emt 00:00:06]} 10.
Bd2 {[%clk 00:53:51]} {[%emt 00:00:23]} O-O {[%clk 00:54:06]} {[%emt 00:00:20]}
11. Qc1 {[%clk 00:53:51]} {[%emt 00:00:06]} Rc8 {[%clk 00:53:07]} {[%emt
00:01:04]} 12. g4 {[%clk 00:53:46]} {[%emt 00:00:09]} Nfd4 {[%clk 00:53:06]}
{[%emt 00:00:06]} 13. Rb1 {[%clk 00:53:12]} {[%emt 00:00:38]} Nb4 {[%clk
00:52:38]} {[%emt 00:00:35]} 14. Re3 {[%clk 00:51:08]} {[%emt 00:02:07]} e6
{[%clk 00:44:48]} {[%emt 00:07:57]} 15. f4 {[%clk 00:50:16]} {[%emt 00:00:56]}
f5 {[%clk 00:36:56]} {[%emt 00:07:58]} 16. gxf5 {[%clk 00:48:37]} {[%emt
00:01:43]} Nxf5 {[%clk 00:36:49]} {[%emt 00:00:12]} 17. Rh3 {[%clk 00:48:34]}
{[%emt 00:00:07]} Qe7 {[%clk 00:31:52]} {[%emt 00:05:02]} 18. a3 {[%clk
00:48:15]} {[%emt 00:00:24]} Nc6 {[%clk 00:31:47]} {[%emt 00:00:09]} 19. b4
{[%clk 00:47:28]} {[%emt 00:00:53]} Ncd4 {[%clk 00:25:26]} {[%emt 00:06:27]}
20. bxc5 {[%clk 00:45:56]} {[%emt 00:01:36]} Qxc5 {[%clk 00:25:14]} {[%emt
00:00:17]} 21. Qd1 {[%clk 00:44:50]} {[%emt 00:01:10]} Rf7 {[%clk 00:20:07]}
{[%emt 00:05:14]} 22. Ne4 {[%clk 00:44:39]} {[%emt 00:00:15]} Qxa3 {[%clk
00:16:47]} {[%emt 00:03:25]} 23. Bb4 {[%clk 00:44:20]} {[%emt 00:00:24]} Qa2
{[%clk 00:15:53]} {[%emt 00:00:59]} 24. Bf3 {[%clk 00:43:29]} {[%emt 00:00:56]}
Nxf3+ {[%clk 00:15:20]} {[%emt 00:00:38]} 25. Rxf3 {[%clk 00:43:16]} {[%emt
00:00:18]} Nd4 {[%clk 00:14:56]} {[%emt 00:00:29]} 26. Re3 {[%clk 00:42:56]}
{[%emt 00:00:24]} Rxf4 {[%clk 00:13:08]} {[%emt 00:01:54]} 27. Bc3 {[%clk
00:42:28]} {[%emt 00:00:30]} Nf3+ {[%clk 00:09:23]} {[%emt 00:03:52]} 28. Kh1
{[%clk 00:41:33]} {[%emt 00:01:00]} Bxc3 {[%clk 00:09:02]} {[%emt 00:00:26]}
29. Nxc3 {[%clk 00:41:18]} {[%emt 00:00:21]} Qxf2 {[%clk 00:08:43]} {[%emt
00:00:24]} 30. Re2 {[%clk 00:40:52]} {[%emt 00:00:29]} Qh4 {[%clk 00:08:40]}
{[%emt 00:00:08]} 31. Rbb2 {[%clk 00:39:55]} {[%emt 00:01:02]} Nd4 {[%clk
00:07:55]} {[%emt 00:00:49]} 32. Rg2 {[%clk 00:39:29]} {[%emt 00:00:32]} Rcf8
{[%clk 00:07:44]} {[%emt 00:00:18]} 33. Rg1 {[%clk 00:38:42]} {[%emt 00:00:52]}
Qh3 {[%clk 00:06:34]} {[%emt 00:01:14]} 34. Rbg2 {[%clk 00:35:34]} {[%emt
00:03:14]} Nf3 {[%clk 00:04:50]} {[%emt 00:01:50]} 35. Rf1 {[%clk 00:35:25]}
{[%emt 00:00:12]} Nxh2 {[%clk 00:04:14]} {[%emt 00:00:43]} 36. Rxf4 {[%clk
00:34:55]} {[%emt 00:00:35]} Rxf4 {[%clk 00:04:17]} {[%emt 00:00:02]} 37. Ne2
{[%clk 00:33:16]} {[%emt 00:01:44]} Nf3+ {[%clk 00:03:59]} {[%emt 00:00:22]}
38. Rh2 {[%clk 00:33:12]} {[%emt 00:00:08]} Qxh2# {[%emt 00:00:03]} 0-1

[Event "Deutscher Mix-Teampokal U12 2025"]
[Site "Bad Homburg GER"]
[Date "2025.07.20"]
[Round "5"]
[White "Chupikov, Mark"]
[Black "Feuchtinger, Leopold"]
[Result "1/2-1/2"]
[Termination "normal"]
[Board "2.2"]
[WhiteElo "1409"]
[BlackElo "1176"]
[WhiteTeam "SC Zitadelle Spandau 1977"]
[BlackTeam "SC Garching 1980"]
[PlyCount "104"]
[WhiteFideId "34680721"]
[BlackFideId "533027617"]
[EventCountry "GER"]
[EventRounds "5"]
[EventType "team-swiss"]
[EventDate "2025.07.18"]

1. d4 {[%emt 00:11:58]} d5 {[%emt 00:00:18]} 2. Bf4 {[%emt 00:00:06]} c5 {[%emt
00:00:23]} 3. Nf3 {[%emt 00:00:07]} Nc6 {[%emt 00:00:07]} 4. e3 {[%emt
00:00:09]} Bf5 {[%emt 00:00:05]} 5. Bb5 {[%emt 00:00:36]} Nf6 {[%emt 00:00:39]}
6. Ne5 {[%emt 00:00:21]} Bd7 {[%emt 00:00:20]} 7. Nxd7 {[%emt 00:00:12]} Qxd7
{[%emt 00:00:08]} 8. O-O {[%emt 00:00:12]} e6 {[%emt 00:00:25]} 9. c3 {[%emt
00:00:31]} Be7 {[%emt 00:00:08]} 10. Nd2 {[%emt 00:00:10]} O-O {[%emt
00:00:54]} 11. Nf3 {[%emt 00:00:12]} a6 {[%emt 00:00:35]} 12. Ne5 {[%emt
00:00:26]} Qc8 {[%emt 00:00:23]} 13. Nxc6 {[%emt 00:00:15]} bxc6 {[%emt
00:00:13]} 14. Bd3 {[%emt 00:00:12]} Qd7 {[%emt 00:00:21]} 15. Bc2 {[%emt
00:00:25]} cxd4 {[%emt 00:00:38]} 16. cxd4 {[%emt 00:00:40]} Bd6 {[%emt
00:00:10]} 17. Bg5 {[%emt 00:00:13]} Be7 {[%emt 00:01:18]} 18. Qd3 {[%emt
00:00:58]} Ne4 {[%emt 00:00:19]} 19. Bf4 {[%emt 00:00:54]} Bd6 {[%emt
00:00:37]} 20. f3 {[%emt 00:00:08]} Bxf4 {[%emt 00:00:54]} 21. fxe4 {[%emt
00:00:13]} Bh6 {[%emt 00:00:33]} 22. exd5 {[%emt 00:00:15]} g6 {[%emt
00:00:10]} 23. dxe6 {[%emt 00:00:27]} Qxe6 {[%emt 00:00:25]} 24. Rf3 {[%emt
00:00:18]} Rae8 {[%emt 00:00:17]} 25. e4 {[%emt 00:02:37]} Bg7 {[%emt
00:00:17]} 26. Raf1 {[%emt 00:00:24]} Qd7 {[%emt 00:00:24]} 27. d5 {[%emt
00:00:46]} cxd5 {[%emt 00:00:39]} 28. Qxd5 {[%emt 00:00:13]} Qa7+ {[%emt
00:00:12]} 29. Kh1 {[%emt 00:00:24]} Re5 {[%emt 00:00:32]} 30. Qd3 {[%emt
00:00:22]} Ree8 {[%emt 00:01:46]} 31. Bb3 {[%emt 00:00:42]} Re7 {[%emt
00:00:41]} 32. Qe3 {[%emt 00:01:26]} Qxe3 {[%emt 00:00:29]} 33. Rxe3 {[%emt
00:00:14]} Bxb2 {[%emt 00:00:16]} 34. Bc4 {[%emt 00:01:56]} a5 {[%emt
00:00:18]} 35. g3 {[%emt 00:00:18]} a4 {[%emt 00:00:21]} 36. Kg2 {[%emt
00:00:08]} a3 {[%emt 00:00:09]} 37. Rfe1 {[%emt 00:00:43]} Rc8 {[%emt
00:00:24]} 38. Bb3 {[%emt 00:00:14]} Rc5 {[%emt 00:00:33]} 39. Kf3 {[%emt
00:01:02]} h5 {[%emt 00:00:36]} 40. h4 {[%emt 00:00:47]} Kg7 {[%emt 00:00:09]}
41. R1e2 {[%emt 00:00:36]} Re8 {[%emt 00:00:24]} 42. Rc2 {[%emt 00:00:36]} Rxc2
{[%emt 00:00:49]} 43. Bxc2 {[%emt 00:00:02]} Re7 {[%emt 00:00:33]} 44. Bb3
{[%emt 00:00:52]} Rd7 {[%emt 00:01:18]} 45. e5 {[%emt 00:00:55]} Re7 {[%emt
00:00:47]} 46. e6 {[%emt 00:00:27]} fxe6 {[%emt 00:00:23]} 47. Rxe6 {[%emt
00:00:09]} Rxe6 {[%emt 00:00:19]} 48. Bxe6 {[%emt 00:00:03]} Kf6 {[%emt
00:00:08]} 49. Bd5 {[%emt 00:00:17]} Ke5 {[%emt 00:00:40]} 50. Bc4 {[%emt
00:00:31]} Bc1 {[%emt 00:00:26]} 51. g4 {[%emt 00:00:22]} hxg4+ {[%emt
00:00:17]} 52. Kxg4 {[%emt 00:00:06]} Kf6 1/2-1/2